[Event "2nd GMA World Cup prel  #3"]
[Site "Palma de Mallorca"]
[Date "1989.??.??"]
[Round "9"]
[White "Murey, Jacob"]
[Black "Naumkin, Igor"]
[Result "1-0"]
[WhiteElo "2535"]
[BlackElo "2470"]
[EventDate "1989.12.??"]
[PlyCount "49"]

1.c4 e5 2.g3 Nf6 3.Bg2 c6 4.d4 exd4 5.Qxd4 d5 6.Nf3 Be7 7.O-O O-O 8.Na3 
Ne4 9.Bf4 Bc5 10.Qd3 Qb6 11.cxd5 Nxf2 12.Rxf2 Bxf2+ 13.Kh1 Bc5 14.Nc4 Qd8 
15.Ng5 g6 16.d6 b5 17.Nd2 Bf5 18.e4 Bg4 19.e5 Nd7 20.Nde4 Bf5 21.g4 Bxg4 
22.Bh3 Bxh3 23.Qxh3 h5 24.Qxd7 Bd4 25.Nf6+ 1-0

[Event "2nd GMA World Cup prel  #3"]
[Site "Palma de Mallorca"]
[Date "1989.??.??"]
[Round "9"]
[White "Klinger, Josef"]
[Black "Hansen, Curt"]
[Result "0-1"]
[WhiteElo "2475"]
[BlackElo "2525"]
[EventDate "1989.12.??"]
[PlyCount "118"]

1.d4 d6 2.e4 Nf6 3.Nc3 g6 4.g3 Bg7 5.Bg2 O-O 6.Nge2 e5 7.h3 c6 8.a4 Nbd7 
9.O-O b6 10.Be3 Bb7 11.g4 a6 12.Ng3 h6 13.f4 exd4 14.Bxd4 b5 15.Qd2 b4 16.
Nd1 c5 17.Bf2 Re8 18.Re1 Nb6 19.Qd3 a5 20.c4 Nfd7 21.Ra2 Nf8 22.b3 Ne6 23.
Ne2 Qc7 24.Ne3 Nd7 25.Rd2 Nd4 26.Nc2 Nxe2+ 27.Rdxe2 Nf8 28.Rd1 Ne6 29.Be3 
Rad8 30.f5 Ng5 31.Bc1 Qe7 32.h4 Nxe4 33.Rde1 gxf5 34.gxf5 d5 35.cxd5 Rxd5 
36.Bxe4 Rxd3 37.Bxd3 Qxh4 38.Rxe8+ Bf8 39.Be4 Qg3+ 40.Kf1 Ba6+ 41.Re2 Qg4 
42.Bg2 Bxe2+ 43.Rxe2 Qxf5+ 44.Ke1 c4 45.Nd4 Qd3 46.Rd2 Qg3+ 47.Kf1 c3 48.
Re2 Qd3 49.Be3 Bc5 50.Nc2 Bxe3 51.Nxe3 Qb1+ 52.Kf2 Qxb3 53.Nf5 Qc4 54.Re8+
Kh7 55.Be4 c2 56.Nd4+ f5 57.Re7+ Kg8 58.Nxf5 Qc5+ 59.Kf3 c1=Q 0-1

[Event "2nd GMA World Cup prel  #3"]
[Site "Palma de Mallorca"]
[Date "1989.??.??"]
[Round "9"]
[White "Kochiev, Alexander"]
[Black "Akopian, Vladimir"]
[Result "1-0"]
[WhiteElo "2475"]
[BlackElo "2525"]
[EventDate "1989.12.??"]
[PlyCount "67"]

1.Nf3 Nf6 2.c4 g6 3.d4 Bg7 4.g3 O-O 5.Bg2 d6 6.O-O Nbd7 7.Nc3 e5 8.e4 c6 
9.Rb1 exd4 10.Nxd4 Re8 11.h3 Nc5 12.Re1 a5 13.Nb3 Ne6 14.Na4 Rb8 15.c5 
dxc5 16.Nbxc5 Qxd1 17.Rxd1 Bf8 18.Nxe6 Bxe6 19.b3 b5 20.Nc3 Bg7 21.Be3 
Red8 22.Ne2 a4 23.Nd4 axb3 24.axb3 Bd7 25.Rbc1 Rdc8 26.e5 Nd5 27.Nxc6 Bxc6
28.Bxd5 Be8 29.e6 Bf6 30.exf7+ Bxf7 31.Bxf7+ Kxf7 32.Rd7+ Ke6 33.Rxc8 Rxc8
34.Rb7 1-0

[Event "2nd GMA World Cup prel  #3"]
[Site "Palma de Mallorca"]
[Date "1989.??.??"]
[Round "9"]
[White "Chekhov, Valery"]
[Black "Vasiukov, Evgeny"]
[Result "1-0"]
[WhiteElo "2480"]
[BlackElo "2515"]
[EventDate "1989.12.??"]
[PlyCount "79"]

1.Nf3 f5 2.g3 Nf6 3.Bg2 d6 4.d4 g6 5.O-O Bg7 6.c4 O-O 7.Nc3 Qe8 8.b3 c6 9.
Ba3 a5 10.Qd3 Na6 11.Rad1 Nb4 12.Qb1 e5 13.dxe5 dxe5 14.Na4 e4 15.Nd4 b5 
16.Nb6 Rb8 17.Nxc8 Rxc8 18.Bxb4 axb4 19.Qc2 Kh8 20.e3 bxc4 21.Qxc4 Qf7 22.
Rc1 Nd5 23.Rc2 Bxd4 24.Qxd4+ Qf6 25.Qc5 Rfe8 26.Rfc1 h5 27.Bf1 Red8 28.Bc4
Rb8 29.Bxd5 cxd5 30.Rd2 h4 31.Kg2 Qe5 32.Qd4 Qxd4 33.Rxd4 hxg3 34.Kxg3 g5 
35.Rc5 f4+ 36.Kg4 Ra8 37.Rd2 Rd6 38.Kxg5 fxe3 39.fxe3 d4 40.Kf4 1-0

[Event "2nd GMA World Cup prel  #3"]
[Site "Palma de Mallorca"]
[Date "1989.??.??"]
[Round "9"]
[White "Smagin, Sergei"]
[Black "Ree, Hans"]
[Result "1/2-1/2"]
[WhiteElo "2535"]
[BlackElo "2460"]
[EventDate "1989.12.??"]
[PlyCount "177"]

1.e4 e6 2.d4 d5 3.Nd2 Nf6 4.e5 Nfd7 5.f4 c5 6.c3 Nc6 7.Ndf3 f5 8.Bd3 Qb6 
9.Ne2 Be7 10.O-O Ndb8 11.Kh1 Na6 12.Rg1 Bd7 13.g4 g6 14.gxf5 exf5 15.Be3 
c4 16.Bc2 Qxb2 17.Rb1 Qxa2 18.Qd2 Qa5 19.Rxb7 Rb8 20.Rbb1 Rxb1 21.Rxb1 Nc7
22.Bf2 Kf7 23.Qe1 Ne6 24.Bh4 Qd8 25.Qg3 Bc8 26.Qh3 Bxh4 27.Nxh4 Ne7 28.Ng2
Ng7 29.Ne3 Nh5 30.Ng3 Nxg3+ 31.hxg3 h5 32.Qh4 Nc6 33.Ba4 Qxh4+ 34.gxh4 Ne7
35.Rb8 Rf8 36.Ra8 a6 37.Ra7 Be6 38.Bd7 Rb8 39.Bxe6+ Kxe6 40.Rxa6+ Kf7 41.
Rf6+ Kg7 42.Rd6 Rb5 43.Kg2 Kf7 44.Kf2 Rb2+ 45.Ke1 Rb1+ 46.Kd2 Rb2+ 47.Kc1 
Rb5 48.Ra6 Ke8 49.Kc2 Kd7 50.Ra7+ Kd8 51.e6 Rb8 52.Rd7+ Ke8 53.Nxd5 Nxd5 
54.Rxd5 Ra8 55.Rc5 Ra2+ 56.Kd1 Ke7 57.d5 Kd6 58.Rc8 Ra7 59.Rd8+ Ke7 60.Rb8
Kd6 61.Rb5 Ra2 62.Ke1 Rh2 63.Rb8 Rxh4 64.Rd8+ Ke7 65.Rd7+ Ke8 66.Rg7 Rxf4 
67.Rxg6 Ke7 68.Rg7+ Kf6 69.Rf7+ Ke5 70.Rd7 Kf6 71.Rh7 Ke5 72.Rd7 Kf6 73.
Ke2 h4 74.Rh7 Ke5 75.Rd7 Kf6 76.Ke3 Re4+ 77.Kf3 h3 78.Kg3 Re3+ 79.Kh2 f4 
80.Rd8 Ke7 81.Rh8 Kd6 82.Rd8+ Ke7 83.Rd7+ Kf6 84.Rd6 Rxc3 85.Rd8 Rd3 86.
Rf8+ Ke7 87.Rf7+ Ke8 88.Rxf4 Rxd5 89.Rxc4 1/2-1/2

[Event "2nd GMA World Cup prel  #3"]
[Site "Palma de Mallorca"]
[Date "1989.??.??"]
[Round "9"]
[White "Inkiov, Ventzislav"]
[Black "Renet, Olivier"]
[Result "1/2-1/2"]
[WhiteElo "2475"]
[BlackElo "2515"]
[EventDate "1989.12.??"]
[PlyCount "20"]

1.d4 Nf6 2.c4 e6 3.Nf3 d5 4.Nc3 Be7 5.Bg5 O-O 6.e3 h6 7.Bxf6 Bxf6 8.Be2 c6
9.cxd5 exd5 10.O-O Nd7 1/2-1/2

[Event "2nd GMA World Cup prel  #3"]
[Site "Palma de Mallorca"]
[Date "1989.??.??"]
[Round "9"]
[White "Lerner, Konstantin"]
[Black "Radulov, Ivan"]
[Result "1-0"]
[WhiteElo "2530"]
[BlackElo "2450"]
[EventDate "1989.12.??"]
[PlyCount "67"]

1.d4 d6 2.Nf3 Bg4 3.g3 Bxf3 4.exf3 d5 5.Bg2 e6 6.f4 g6 7.Nd2 Bg7 8.Nf3 Ne7
9.O-O O-O 10.Ne5 c6 11.b3 Na6 12.Bb2 Qa5 13.Qe2 Rad8 14.c4 Nc7 15.Rfd1 Ne8
16.a4 Nf6 17.b4 Qc7 18.b5 cxb5 19.axb5 dxc4 20.Rxa7 Nfd5 21.Nxc4 Nf5 22.
Raa1 Rc8 23.Ne3 Qd7 24.Qd3 Nde7 25.Qb3 Rfd8 26.Nxf5 Nxf5 27.d5 Bxb2 28.
Qxb2 Ne7 29.f5 Nxf5 30.Bf3 exd5 31.Rxd5 Qe7 32.Re5 Qc7 33.b6 Qd7 34.Kg2 
1-0

[Event "2nd GMA World Cup prel  #3"]
[Site "Palma de Mallorca"]
[Date "1989.??.??"]
[Round "9"]
[White "Palatnik, Semon"]
[Black "Rashkovsky, Nukhim"]
[Result "1-0"]
[WhiteElo "2460"]
[BlackElo "2520"]
[EventDate "1989.12.??"]
[PlyCount "71"]

1.d4 Nf6 2.c4 e6 3.g3 Bb4+ 4.Bd2 Be7 5.Bg2 d5 6.Nf3 O-O 7.O-O c6 8.Qc2 b6 
9.b3 Bb7 10.Rd1 Nbd7 11.Nc3 Rc8 12.e4 dxe4 13.Ne5 c5 14.Bf4 cxd4 15.Rxd4 
Bc5 16.Rxd7 Nxd7 17.Rd1 Rc7 18.Nb5 Qe7 19.Nxc7 Nxe5 20.Bxe5 f6 21.Bd4 Qxc7
22.Bxc5 bxc5 23.Bxe4 Bxe4 24.Qxe4 Re8 25.Qd3 Re7 26.Qd6 Kf7 27.Qxc7 Rxc7 
28.Rd6 Ke7 29.Ra6 e5 30.Kg2 Kf7 31.Kf3 f5 32.h3 g6 33.g4 Ke7 34.Ke3 Kf7 
35.gxf5 gxf5 36.Rh6 1-0

[Event "2nd GMA World Cup prel  #3"]
[Site "Palma de Mallorca"]
[Date "1989.??.??"]
[Round "9"]
[White "Barbero, Gerardo"]
[Black "Zaichik, Gennadi"]
[Result "1-0"]
[WhiteElo "2475"]
[BlackElo "2500"]
[EventDate "1989.12.??"]
[PlyCount "87"]

1.Nf3 c5 2.c4 Nc6 3.Nc3 Nd4 4.e3 Nxf3+ 5.Qxf3 g6 6.g3 Bg7 7.Bg2 d6 8.Qe2 
Rb8 9.Rb1 Bf5 10.d3 Qc8 11.Bd2 Bh3 12.Qf1 Bd7 13.b4 b6 14.Qe2 Bh3 15.Bxh3 
Qxh3 16.Qf3 Nf6 17.Ne4 O-O 18.Nxf6+ Bxf6 19.Ke2 Qd7 20.b5 Ra8 21.a4 a6 22.
Qc6 Qg4+ 23.Qf3 Qd7 24.Qc6 Qg4+ 25.Qf3 Qe6 26.a5 axb5 27.Rxb5 bxa5 28.Bxa5
Ra6 29.Rhb1 Qh3 30.g4 Qxh2 31.Rh1 Qe5 32.Qh3 Rfa8 33.Qxh7+ Kf8 34.Rhb1 d5 
35.f4 Qd6 36.Rb6 Rxb6 37.Rxb6 Qd7 38.Rxf6 Qxg4+ 39.Kf2 exf6 40.Qh8+ Ke7 
41.Qxa8 Qh4+ 42.Ke2 Qg4+ 43.Kd2 Qg2+ 44.Kc1 1-0

[Event "2nd GMA World Cup prel  #3"]
[Site "Palma de Mallorca"]
[Date "1989.??.??"]
[Round "9"]
[White "Panchenko, Alexander"]
[Black "Hodgson, Julian Michael"]
[Result "1-0"]
[WhiteElo "2430"]
[BlackElo "2535"]
[EventDate "1989.12.??"]
[PlyCount "106"]

1.Nf3 d5 2.c4 d4 3.e3 Nc6 4.exd4 Nxd4 5.Nxd4 Qxd4 6.Nc3 e5 7.d3 Ne7 8.Be3 
Qd8 9.Qe2 Nc6 10.O-O-O Be6 11.g3 Bb4 12.Bg2 Bxc3 13.bxc3 O-O 14.Qb2 Rb8 
15.Rhe1 Re8 16.Qa3 Qf6 17.h3 Bd7 18.Re2 b6 19.d4 exd4 20.cxd4 Bf5 21.Qc3 
Be4 22.Bxe4 Rxe4 23.Rc2 Qf5 24.d5 Na5 25.Qd3 Rbe8 26.c5 bxc5 27.Qb5 c6 28.
Qxa5 cxd5 29.Qxc5 R4e5 30.Qxa7 Qxh3 31.Qd4 Qf5 32.Qd3 Qd7 33.Kb1 Qa4 34.
Rb2 h5 35.Rb3 h4 36.gxh4 Qxh4 37.Qd4 Qh5 38.Kb2 Rd8 39.Rd2 Qf5 40.Qf4 Qe6 
41.Bd4 Re4 42.Qg5 f6 43.Qh5 Rc8 44.Rb5 Rd8 45.Bc3 d4 46.Ba5 Ra8 47.Qd5 
Qxd5 48.Rxd5 Rb8+ 49.Kc2 Kf7 50.R5xd4 Re5 51.Bb4 g5 52.a4 Ke6 53.Rc4 Kf5 
1-0

[Event "2nd GMA World Cup prel  #3"]
[Site "Palma de Mallorca"]
[Date "1989.??.??"]
[Round "9"]
[White "Kozul, Zdenko"]
[Black "Spiridonov, Nikola"]
[Result "1/2-1/2"]
[WhiteElo "2560"]
[BlackElo "2400"]
[EventDate "1989.12.??"]
[PlyCount "93"]

1.d4 Nf6 2.c4 c6 3.Nf3 d5 4.e3 g6 5.Nc3 Bg7 6.cxd5 cxd5 7.Bb5+ Bd7 8.Qb3 
Bxb5 9.Qxb5+ Qd7 10.Ne5 Qxb5 11.Nxb5 Na6 12.b3 Nd7 13.Nd3 Ndb8 14.Nf4 Nc6 
15.Nxd5 O-O-O 16.Ndc3 Nab4 17.Ke2 e5 18.d5 Nxd5 19.Ba3 Nxc3+ 20.Nxc3 e4 
21.Rac1 Bxc3 22.Rxc3 Rd5 23.Rd1 Rhd8 24.Rxd5 Rxd5 25.Rc5 Rxc5 26.Bxc5 Kd7 
27.f3 f5 28.fxe4 fxe4 29.Kf2 Ke6 30.Kg3 Kf5 31.Kh4 h5 32.h3 a6 33.Ba3 Ne5 
34.Bb2 Nf7 35.a4 b5 36.axb5 axb5 37.Bg7 Nd8 38.Bc3 Nf7 39.Bd4 Nd6 40.Bc5 
Nf7 41.Bb6 Ne5 42.Ba5 Nf7 43.Bc7 Nh6 44.Kg3 g5 45.Kf2 Nf7 46.Ke2 Ne5 47.
Bxe5 1/2-1/2

[Event "2nd GMA World Cup prel  #3"]
[Site "Palma de Mallorca"]
[Date "1989.??.??"]
[Round "9"]
[White "Conquest, Stuart"]
[Black "Lukov, Valentin"]
[Result "1/2-1/2"]
[WhiteElo "2515"]
[BlackElo "2435"]
[EventDate "1989.12.??"]
[PlyCount "129"]

1.e4 c5 2.Nf3 d6 3.d4 cxd4 4.Nxd4 Nf6 5.Nc3 a6 6.Be2 e6 7.f4 Qc7 8.O-O Be7
9.Kh1 Nc6 10.Be3 O-O 11.Qe1 Nxd4 12.Bxd4 b5 13.Qg3 Bb7 14.Bd3 g6 15.Rae1 
Nh5 16.Qf2 Nxf4 17.Qxf4 e5 18.Qf2 exd4 19.Qxd4 Qc5 20.Qxc5 dxc5 21.Nd5 
Bxd5 22.exd5 Rae8 23.c4 b4 24.Bc2 Bd6 25.Ba4 Rxe1 26.Rxe1 Kg7 27.g3 h5 28.
Kg2 Rh8 29.Re4 Kf6 30.b3 Be5 31.h3 Rc8 32.Kf3 Rc7 33.Bc6 Re7 34.Re2 Kg7 
35.g4 hxg4+ 36.hxg4 Kf6 37.Re1 Kg5 38.Rd1 Bd6 39.a3 a5 40.axb4 axb4 41.Ra1
Bf4 42.d6 Bxd6 43.Rd1 Re6 44.Bd7 Rf6+ 45.Ke2 Be7 46.Rd5+ Kf4 47.Rd3 Kg5 
48.Rd5+ Kh4 49.Re5 Bd6 50.Re3 Bf4 51.Rd3 Ra6 52.Kf3 Bh2 53.Ke4 Ra7 54.Rd5 
f6 55.Kf3 Bg1 56.Be8 Ra3 57.Bxg6 Rxb3+ 58.Bd3 f5 59.gxf5 Rb2 60.Rd6 Rf2+ 
61.Ke4 Rf4+ 62.Ke5 Rf3 63.Rh6+ Kg3 64.Rg6+ Kh2 65.Rh6+ 1/2-1/2

[Event "2nd GMA World Cup prel  #3"]
[Site "Palma de Mallorca"]
[Date "1989.??.??"]
[Round "9"]
[White "Savon, Vladimir"]
[Black "Sunye Neto, Jaime"]
[Result "1-0"]
[WhiteElo "2465"]
[BlackElo "2480"]
[EventDate "1989.12.??"]
[PlyCount "127"]

1.e4 c5 2.Nf3 e6 3.d4 cxd4 4.Nxd4 Nc6 5.Nb5 d6 6.c4 Nf6 7.N1c3 a6 8.Na3 
Be7 9.Be2 O-O 10.O-O Bd7 11.Be3 Qb8 12.Rc1 Na7 13.Qb3 Bc6 14.f3 Nd7 15.
Rfd1 Rc8 16.Kh1 Nc5 17.Qc2 b5 18.b4 Nd7 19.Qb3 Ne5 20.f4 bxc4 21.Nxc4 Nxc4
22.Bxc4 Nb5 23.f5 Nxc3 24.Rxc3 d5 25.exd5 Bxd5 26.fxe6 Rxc4 27.Rxd5 Rxc3 
28.exf7+ Kf8 29.Qxc3 Qxb4 30.Qd3 Rc8 31.h3 Qc4 32.Qxh7 Qf1+ 33.Kh2 Qxf7 
34.Qh8+ Qg8 35.Qh5 Qe6 36.Bf4 Kg8 37.Qf5 Qxf5 38.Rxf5 Rc4 39.Bg3 Ra4 40.
Rf2 Bf6 41.Rc2 Kf7 42.Kg1 Ke6 43.Kf2 Kd5 44.Kf3 Kd4 45.Rd2+ Kc4 46.Bf4 Bc3
47.Re2 Kd3 48.g3 a5 49.h4 Rc4 50.Be5 a4 51.h5 a3 52.g4 Bxe5 53.Rxe5 Kc2 
54.Rb5 Rc7 55.Rb3 Ra7 56.Kf4 Kc1 57.Kf5 Ra6 58.g5 Kc2 59.Rb7 Kc1 60.Rb5 
Ra7 61.Kg6 Kc2 62.Rb3 Kc1 63.h6 gxh6 64.Kxh6 1-0

[Event "2nd GMA World Cup prel  #3"]
[Site "Palma de Mallorca"]
[Date "1989.??.??"]
[Round "9"]
[White "Wolff, Patrick"]
[Black "Westerinen, Heikki"]
[Result "1/2-1/2"]
[WhiteElo "2505"]
[BlackElo "2435"]
[EventDate "1989.12.??"]
[PlyCount "41"]

1.e4 e5 2.Nf3 Nc6 3.Bb5 Nf6 4.O-O Nxe4 5.d4 Nd6 6.Bxc6 dxc6 7.dxe5 Ne4 8.
Qe2 Bf5 9.Rd1 Qc8 10.Rd4 Nc5 11.Nc3 Be7 12.b3 O-O 13.Bb2 Bg6 14.Nh4 Bxh4 
15.Rxh4 Rd8 16.Nd1 Ne6 17.Ne3 Qd7 18.Rf1 Qe7 19.g3 c5 20.f4 Nd4 21.Qg2 
1/2-1/2

[Event "2nd GMA World Cup prel  #3"]
[Site "Palma de Mallorca"]
[Date "1989.??.??"]
[Round "9"]
[White "Krasenkov, Mikhail"]
[Black "Mednis, Edmar"]
[Result "1-0"]
[WhiteElo "2505"]
[BlackElo "2430"]
[EventDate "1989.12.??"]
[PlyCount "109"]

1.d4 Nf6 2.c4 e6 3.g3 d5 4.Bg2 dxc4 5.Nf3 Nc6 6.Qa4 Bb4+ 7.Bd2 Nd5 8.Bxb4 
Nxb4 9.O-O Rb8 10.Nc3 a6 11.Ne5 O-O 12.Nxc6 Nxc6 13.Bxc6 bxc6 14.Qxc4 Rxb2
15.Rab1 Rb6 16.Qc5 f6 17.a4 Re8 18.a5 Rxb1 19.Rxb1 Qd6 20.Qxd6 cxd6 21.Rb6
e5 22.Ne4 Rd8 23.Rxc6 Bb7 24.Rxd6 Rxd6 25.Nxd6 Bc6 26.dxe5 fxe5 27.Kf1 Kf8
28.Nc4 e4 29.Ke1 Ke7 30.Kd2 Ke6 31.Ke3 Kd5 32.Nd2 Ke5 33.h4 h6 34.Nb3 Kd5 
35.Nd4 Bd7 36.Nc2 Bb5 37.g4 Ke5 38.g5 hxg5 39.hxg5 Kd5 40.Na3 Bc6 41.Nb1 
Ke5 42.Nd2 Bb7 43.Nb3 Kd5 44.Kf4 g6 45.Nd2 Kd4 46.f3 e3 47.Nf1 Bc6 48.Nxe3
Bb5 49.Ng4 Bxe2 50.Ne5 Bd1 51.Nxg6 Bb3 52.Ne7 Kc5 53.Ke5 Kb5 54.g6 Kxa5 
55.Nd5 1-0

[Event "2nd GMA World Cup prel  #3"]
[Site "Palma de Mallorca"]
[Date "1989.??.??"]
[Round "9"]
[White "Arakhamia, Ketevan"]
[Black "Ubilava, Elizbar"]
[Result "0-1"]
[WhiteElo "2405"]
[BlackElo "2525"]
[EventDate "1989.12.??"]
[PlyCount "74"]

1.e4 c5 2.Nf3 d6 3.d4 cxd4 4.Nxd4 Nf6 5.Nc3 a6 6.Bc4 e6 7.Bb3 Nbd7 8.Bg5 
Nc5 9.f4 Be7 10.Qe2 h6 11.Bxf6 Bxf6 12.O-O-O Qc7 13.Kb1 Bd7 14.Rhe1 O-O-O 
15.e5 Be7 16.Bd5 dxe5 17.fxe5 Kb8 18.Bf3 Rc8 19.g3 Rhd8 20.h4 Na4 21.Nxa4 
Bxa4 22.Nb3 Rxd1+ 23.Rxd1 Bb5 24.Qg2 Qxe5 25.Bxb7 Qe2 26.Qxe2 Bxe2 27.Re1 
Rd8 28.Rxe2 Rd1+ 29.Nc1 Kxb7 30.c4 Rg1 31.Rf2 f6 32.Re2 e5 33.Re3 Kc6 34.
Rb3 Rg2 35.Nd3 Kc7 36.Nc1 e4 37.Re3 f5 0-1

[Event "2nd GMA World Cup prel  #3"]
[Site "Palma de Mallorca"]
[Date "1989.??.??"]
[Round "9"]
[White "Rantanen, Yrjo"]
[Black "Lputian, Smbat"]
[Result "0-1"]
[WhiteElo "2380"]
[BlackElo "2540"]
[EventDate "1989.12.??"]
[PlyCount "80"]

1.e4 e6 2.d4 d5 3.Nc3 Nf6 4.Bg5 Be7 5.e5 Ne4 6.Bxe7 Nxc3 7.Qg4 Qxe7 8.Qxg7
Qb4 9.Qxh8+ Kd7 10.Bd3 Qxb2 11.Rd1 Nxd1 12.Kxd1 Nc6 13.Qxh7 Nxd4 14.Qxf7+ 
Kc6 15.Qf4 Qb1+ 16.Qc1 Qxa2 17.h4 b6 18.h5 Ba6 19.Rh4 Bxd3 20.cxd3+ Kb7 
21.Rxd4 Qxf2 22.Ne2 Qxg2 23.Qh6 Qh3 24.Kd2 a5 25.Qf6 a4 26.Rh4 Qg2 27.Qg6 
Qf2 28.Rf4 Qc5 29.Qxe6 a3 30.Rf1 a2 31.Ra1 Ra3 32.Ke1 Qa5+ 33.Kf2 Rxd3 34.
Rc1 Qa4 35.Qe7 Qc4 36.Rxc4 dxc4 37.Nc1 a1=Q 38.Nxd3 Qd4+ 39.Ke1 Qe3+ 40.
Kd1 cxd3 0-1

[Event "2nd GMA World Cup prel  #3"]
[Site "Palma de Mallorca"]
[Date "1989.??.??"]
[Round "9"]
[White "Geller, Efim"]
[Black "Mellado Trivino, Juan"]
[Result "1-0"]
[WhiteElo "2505"]
[BlackElo "2400"]
[EventDate "1989.12.??"]
[PlyCount "89"]

1.e4 e6 2.d4 d5 3.Nd2 Nf6 4.e5 Nfd7 5.Bd3 c5 6.c3 b6 7.Ne2 Ba6 8.Bxa6 Nxa6
9.O-O Nc7 10.Nf3 Be7 11.Nf4 b5 12.dxc5 Nxc5 13.Nd4 Qd7 14.Qg4 g6 15.Be3 a5
16.Rad1 O-O-O 17.Qe2 Kb7 18.Nb3 Nxb3 19.axb3 Qc6 20.Nd3 h5 21.Ra1 a4 22.b4
Qc4 23.Bd4 Ra8 24.Qf3 Rhg8 25.Bc5 Bxc5 26.Nxc5+ Kc6 27.Rfd1 Qh4 28.Qe3 Qe7
29.b3 axb3 30.Nxb3 f6 31.exf6 Qxf6 32.Ra7 Rxa7 33.Qxa7 Ra8 34.Nd4+ Kd7 35.
Qc5 Ra6 36.c4 Rd6 37.cxb5 e5 38.Rc1 Ne8 39.Qc8+ Ke7 40.Nc6+ Kf8 41.b6 Qf4 
42.Rf1 Qc4 43.b7 Rxc6 44.Qd8 Rd6 45.Qa5 1-0

[Event "2nd GMA World Cup prel  #3"]
[Site "Palma de Mallorca"]
[Date "1989.??.??"]
[Round "9"]
[White "Hector, Jonny"]
[Black "Ghitescu, Theodor"]
[Result "1-0"]
[WhiteElo "2500"]
[BlackElo "2390"]
[EventDate "1989.12.??"]
[PlyCount "63"]

1.e4 c5 2.Nf3 d6 3.d4 cxd4 4.Nxd4 Nf6 5.Nc3 e6 6.g4 Nc6 7.g5 Nd7 8.Be3 Be7
9.h4 O-O 10.Qh5 Nxd4 11.Bxd4 Re8 12.O-O-O a6 13.f4 b5 14.f5 Bf8 15.Bh3 b4 
16.fxe6 fxe6 17.Nd5 Rb8 18.Nc7 g6 19.Nxe8 Qxe8 20.Qe2 Ne5 21.Bxe5 dxe5 22.
Rhf1 Bc5 23.Qc4 Qe7 24.Rf6 Rb6 25.Rdf1 Rc6 26.Kb1 Bd7 27.h5 gxh5 28.g6 
hxg6 29.Rxg6+ Kh7 30.Rgf6 Kg7 31.Qd3 Be8 32.Qg3+ 1-0

[Event "2nd GMA World Cup prel  #3"]
[Site "Palma de Mallorca"]
[Date "1989.??.??"]
[Round "9"]
[White "Liberzon, Vladimir"]
[Black "Spasov, Luben"]
[Result "1/2-1/2"]
[WhiteElo "2480"]
[BlackElo "2370"]
[EventDate "1989.12.??"]
[PlyCount "42"]

1.e4 c5 2.Nf3 e6 3.d4 cxd4 4.Nxd4 a6 5.Bd3 Nf6 6.O-O Qc7 7.Qe2 d6 8.b3 
Nbd7 9.c4 g6 10.Bb2 Bg7 11.Nd2 O-O 12.Rac1 b6 13.Bb1 Bb7 14.b4 Rfe8 15.
N2b3 Rac8 16.f3 Qb8 17.Qf2 Rc7 18.Rc3 Rec8 19.Rfc1 Bf8 20.a3 d5 21.cxd5 
Rxc3 1/2-1/2

[Event "2nd GMA World Cup prel  #3"]
[Site "Palma de Mallorca"]
[Date "1989.??.??"]
[Round "9"]
[White "Taimanov, Mark"]
[Black "Gurieli, Nino"]
[Result "1/2-1/2"]
[WhiteElo "2495"]
[BlackElo "2355"]
[EventDate "1989.12.??"]
[PlyCount "80"]

1.Nf3 g6 2.e4 Bg7 3.d4 d6 4.c3 Nf6 5.Nbd2 O-O 6.Bd3 Nc6 7.O-O e5 8.dxe5 
Nxe5 9.Nxe5 dxe5 10.Nc4 Nd7 11.b4 Nb6 12.Na5 Qe7 13.Be3 Rd8 14.Qe2 c6 15.
Nb3 Na4 16.Qc2 Be6 17.Rab1 Nb6 18.Nc5 Bc4 19.Be2 Bf6 20.a4 Bxe2 21.Qxe2 
Nc8 22.Rfd1 Nd6 23.f3 Bg5 24.Bf2 b6 25.Na6 Rac8 26.c4 Qe6 27.c5 Qc4 28.Kf1
Qxe2+ 29.Kxe2 Nc4 30.h4 Bh6 31.Rd3 Rxd3 32.Kxd3 b5 33.axb5 cxb5 34.Ke2 Kf8
35.Rd1 Ke8 36.Rd5 Bf8 37.Bg3 Be7 38.Bxe5 Nxe5 39.Rxe5 Rc6 40.Nb8 Rc8 
1/2-1/2

[Event "2nd GMA World Cup prel  #3"]
[Site "Palma de Mallorca"]
[Date "1989.??.??"]
[Round "9"]
[White "Comas i Fabrego, Lluis"]
[Black "Gheorghiu, Florin"]
[Result "0-1"]
[WhiteElo "2335"]
[BlackElo "2500"]
[EventDate "1989.12.??"]
[PlyCount "58"]

1.d4 Nf6 2.c4 c5 3.e3 g6 4.Nf3 Bg7 5.Nc3 O-O 6.Be2 d5 7.O-O cxd4 8.exd4 
Nc6 9.Be3 dxc4 10.Bxc4 Na5 11.Bb3 b6 12.Re1 Bb7 13.Bf4 e6 14.h3 a6 15.Bh2 
Rc8 16.Ne5 Nxb3 17.axb3 b5 18.Ne2 Nh5 19.Nc3 Nf6 20.Ne2 Nd7 21.Rc1 Nxe5 
22.Bxe5 Qg5 23.Ng3 h5 24.Bxg7 Kxg7 25.Rc3 Rfd8 26.Rxc8 Rxc8 27.Qd3 Bd5 28.
Re5 Rc1+ 29.Kh2 Qf4 0-1

[Event "2nd GMA World Cup prel  #3"]
[Site "Palma de Mallorca"]
[Date "1989.??.??"]
[Round "9"]
[White "Gurgenidze, Bukhuti"]
[Black "Averbakh, Yury"]
[Result "1-0"]
[WhiteElo "2360"]
[BlackElo "2470"]
[EventDate "1989.12.??"]
[PlyCount "119"]

1.e4 e5 2.Nf3 Nc6 3.Bb5 Nf6 4.Qe2 a6 5.Bxc6 dxc6 6.Nc3 Bg4 7.h3 Bxf3 8.
Qxf3 Qd7 9.Ne2 O-O-O 10.d3 Bb4+ 11.Kf1 Qe6 12.Bg5 Be7 13.Bxf6 Bxf6 14.Qg4 
Kd7 15.g3 h5 16.Qxe6+ Kxe6 17.f4 h4 18.f5+ Ke7 19.g4 Bg5 20.Ng1 Bf4 21.Nf3
g5 22.Ke2 c5 23.a4 a5 24.Ra3 Rh6 25.Rc3 b6 26.Rd1 Rhd6 27.Rc4 c6 28.c3 f6 
29.Ne1 Kd7 30.Nc2 Kc7 31.b4 cxb4 32.cxb4 axb4 33.Nxb4 Kb7 34.Rb1 Ra8 35.
Nc2 c5 36.Na3 Rc6 37.Nb5 Ra5 38.Nc3 Ka6 39.Nd5 Rd6 40.Rb3 Kb7 41.Rb5 Rxb5 
42.axb5 Bh2 43.Rc1 Bg3 44.Ra1 Bf4 45.Kd1 Bg3 46.Ra2 Bf4 47.Kc2 Bg3 48.Kd1 
Bf4 49.Ra1 Bg3 50.Ke2 Bh2 51.Kd2 Bg3 52.Rf1 Bh2 53.Kc3 Bg3 54.Kc2 Bh2 55.
Ne3 Rd4 56.Kc3 Rb4 57.Nd5 Rxb5 58.Nxf6 Ra5 59.Nh7 Ra3+ 60.Kc2 1-0

[Event "2nd GMA World Cup prel  #3"]
[Site "Palma de Mallorca"]
[Date "1989.??.??"]
[Round "9"]
[White "Cebalo, Miso"]
[Black "Izeta Txabarri, Felix"]
[Result "1-0"]
[WhiteElo "2485"]
[BlackElo "2340"]
[EventDate "1989.12.??"]
[PlyCount "73"]

1.d4 Nf6 2.Nf3 e6 3.c4 Bb4+ 4.Nbd2 b6 5.a3 Bxd2+ 6.Bxd2 Bb7 7.h3 d6 8.Bf4 
Nbd7 9.e3 Qe7 10.Be2 Ne4 11.Bh2 f5 12.O-O O-O-O 13.Qc2 Kb8 14.c5 Ndf6 15.
c6 Ba8 16.Ne1 Nd5 17.Nd3 g5 18.Nb4 h5 19.Nxd5 exd5 20.a4 g4 21.a5 Rh7 22.
Rfc1 Rc8 23.Qa4 g3 24.fxg3 Nxg3 25.Bxg3 Qxe3+ 26.Kh1 Qxg3 27.Bf3 Re7 28.
Bxd5 h4 29.Rf1 f4 30.Qb4 Qg6 31.Rxf4 Rce8 32.Rff1 Qg3 33.Qb5 Re1 34.axb6 
cxb6 35.c7+ Kc8 36.Bxa8 R8e2 37.Qc6 1-0

[Event "2nd GMA World Cup prel  #3"]
[Site "Palma de Mallorca"]
[Date "1989.??.??"]
[Round "9"]
[White "Maric, Alisa"]
[Black "Abramovic, Bosko"]
[Result "1/2-1/2"]
[WhiteElo "2355"]
[BlackElo "2465"]
[EventDate "1989.12.??"]
[PlyCount "110"]

1.Nf3 Nf6 2.c4 e6 3.g3 d5 4.b3 a5 5.Ba3 Bxa3 6.Nxa3 O-O 7.Bg2 Qe7 8.Nc2 c5
9.O-O b6 10.e3 Ba6 11.Qe2 Nc6 12.d3 Rad8 13.Rfd1 e5 14.Na3 g6 15.Nd2 e4 
16.dxe4 dxe4 17.Nb5 Qe5 18.Rac1 Bc8 19.h3 h5 20.Nb1 Bf5 21.N1c3 Nb4 22.
Rxd8 Rxd8 23.Rd1 Nd3 24.Nxe4 Bxe4 25.f3 Bf5 26.e4 Bxh3 27.Bxh3 Qxg3+ 28.
Qg2 Qf4 29.Qe2 h4 30.Nc3 Rd4 31.Rxd3 Qg3+ 32.Bg2 Rxd3 33.Qxd3 h3 34.Qd2 
hxg2 35.Nd5 Qe5 36.Nxf6+ Qxf6 37.Kxg2 Qe5 38.Qe2 Kg7 39.Qd2 g5 40.Qc2 f6 
41.Qe2 Qd4 42.Qc2 Kg6 43.Qe2 Kf7 44.Qf2 Qd3 45.Qf1 Qd7 46.Qe2 a4 47.Qb2 
axb3 48.axb3 Qd3 49.Qa2 g4 50.fxg4 Qxe4+ 51.Kg3 Qe3+ 52.Kg2 Qe4+ 53.Kg3 
Qe5+ 54.Kg2 Kg6 55.Qd2 Qe4+ 1/2-1/2

[Event "2nd GMA World Cup prel  #3"]
[Site "Palma de Mallorca"]
[Date "1989.??.??"]
[Round "9"]
[White "Petrosian, Arshak"]
[Black "Madl, Ildiko"]
[Result "1-0"]
[WhiteElo "2490"]
[BlackElo "2310"]
[EventDate "1989.12.??"]
[PlyCount "69"]

1.d4 Nf6 2.c4 g6 3.Nc3 Bg7 4.e4 d6 5.Be2 O-O 6.Bg5 c5 7.d5 Qa5 8.Bd2 e6 9.
h3 exd5 10.exd5 Qb6 11.Nf3 Bf5 12.g4 Bd7 13.b3 Re8 14.O-O Na6 15.Rc1 Ne4 
16.Nxe4 Rxe4 17.Bd3 Re7 18.Ng5 Nb4 19.Bb1 Bb2 20.Bc3 Bxc3 21.Rxc3 Rae8 22.
Qf3 Kg7 23.Re3 f6 24.Rxe7+ Rxe7 25.Ne4 Rxe4 26.Qxe4 Qd8 27.Re1 Kf7 28.Qf4 
Qf8 29.h4 Na6 30.h5 gxh5 31.g5 Qg7 32.g6+ hxg6 33.Qxd6 Kg8 34.Re7 Qh6 35.
f4 1-0

[Event "2nd GMA World Cup prel  #3"]
[Site "Palma de Mallorca"]
[Date "1989.??.??"]
[Round "9"]
[White "Douven, Rudy"]
[Black "Nikolic, Stanimir"]
[Result "1/2-1/2"]
[WhiteElo "2475"]
[BlackElo "2320"]
[EventDate "1989.12.??"]
[PlyCount "125"]

1.d4 Nc6 2.d5 Ne5 3.f4 Ng6 4.e4 e6 5.dxe6 dxe6 6.Qxd8+ Kxd8 7.Nc3 Bd7 8.
Be3 Bb4 9.O-O-O Bxc3 10.bxc3 Nf6 11.f5 exf5 12.exf5 Ne7 13.Bd3 Kc8 14.Rf1 
Re8 15.Bd2 h6 16.Ne2 Nc6 17.Nd4 Ne5 18.Be2 Ne4 19.Be1 c5 20.Rf4 Nd6 21.Nb3
b6 22.Rhf1 f6 23.g4 Kc7 24.Nd2 Bc6 25.Bg3 Kb7 26.Rd1 Rad8 27.Bf1 Rd7 28.
Nc4 Ndxc4 29.Rxd7+ Bxd7 30.Bxc4 Bc6 31.Be2 Nf7 32.Bc4 Ng5 33.Bd3 Nf3 34.
Bb5 Ng5 35.Bd3 Be4 36.c4 Bc6 37.Rf1 Nf3 38.Rd1 Nd4 39.Rf1 Bg2 40.Rf4 Kc8 
41.Kd2 Bb7 42.Kd1 a5 43.Kd2 Kd7 44.Rf1 Nf3+ 45.Kc3 Nd4 46.Rb1 Kc6 47.Bf1 
Ne2+ 48.Bxe2 Rxe2 49.Rd1 Re3+ 50.Kb2 Bc8 51.Rd6+ Kb7 52.Rd8 h5 53.Rg8 hxg4
54.Rxg7+ Ka6 55.Bb8 b5 56.Rxg4 a4 57.cxb5+ Kxb5 58.a3 c4 59.Rg3 Re2 60.Rf3
Bb7 61.Rc3 Be4 62.Bg3 Bxf5 63.Bh4 1/2-1/2